Deutsche KFZ-Kennzeichen, die mit E beginnen - Statistiken

Allgemein
  • Dieses Quiz wurde 239 mal gespielt
  • Das Durchschnittsergebnis liegt bei 17 aus 32
Antwortstatistiken
KFZ-Kennzeichen Stadt / Landkreis % Korrekt
E Stadt Essen
99%
EMS Rhein-Lahn-Kreis (Bad Ems)
86%
EF Stadt Erfurt
86%
EMD Stadt Emden
85%
ERH Landkreis Erlangen-Höchstadt
78%
ER Stadt Erlangen
78%
ERZ Erzgebirgskreis
75%
ES Landkreis Esslingen
72%
EU Kreis Euskirchen
69%
ECK Kreis Rendsburg-Eckernförde
68%
EIL Landkreis Mansfeld-Südharz (Stadt Eisleben)
66%
EA Stadt Eisenach
65%
EI Landkreis Eichstätt
59%
EN Ennepe-Ruhr-Kreis
55%
EW Landkreis Barnim (Stadt Eberswalde)
54%
ED Landkreis Erding
53%
EE Landkreis Elbe-Elster
51%
ERK Kreis Heinsberg (Stadt Erkelenz)
50%
EM Landkreis Emmendingen
49%
EBE Landkreis Ebersberg
47%
EL Landkreis Emsland
46%
ESW Werra-Meißner-Kreis (Stadt Eschwege)
43%
ERB Odenwaldkreis (Stadt Erbach)
42%
EIC Landkreis Eichsfeld
39%
EIN Landkreis Northeim (Stadt Einbeck)
29%
EB Landkreis Nordsachsen (Stadt Eilenburg)
26%
EG Landkreis Rottal-Inn (Stadt Eggenfelden)
26%
EH Landkreis Oder-Spree (Eisenhüttenstadt)
23%
EBN Landkreis Haßberge (Stadt Ebern)
22%
EBS Landkreise Bayreuth, Forchheim & Kulmbach (Ebermannstadt)
17%
EIS Saale-Holzland-Kreis (Stadt Eisenberg)
17%
ESB Landkreise Amberg-Sulzbach, Bayreuth, Neustadt an der Waldnaab & Nürnberger Land (Stadt Eschenbach)
14%
Keine übereinstimmenden Quizze gefunden
Verteilung der Resultate
Anzahl Personen mit jedem Resultat
Perzentil nach korrekt beantworteten Fragen
Ihre Resultats-Entwicklung
Sie haben dieses Quiz noch nicht gespielt